| 000 | 00815nam1a22002171i 4500 | ||
|---|---|---|---|
| 001 | rc\4045784 | ||
| 005 | 20240726015457.0 | ||
| 035 | _a(NLR Aleph) 008102910 | ||
| 090 |
_a9255811 _c9255811 |
||
| 100 | _a20130415d1946 |||y0rusy50 ca | ||
| 101 | 0 | _arus | |
| 102 | _aRU | ||
| 105 | _a z ||||| | ||
| 200 | 1 |
_aКурс автомобильных дорог _e[Допущ. Министерством высш. образования СССР в качестве учеб. пособия для автодор. ин-тов |
|
| 210 |
_aМосква] _cИзд-во и тип. Дориздата _d1946 |
||
| 215 | _d25 | ||
| 606 |
_aАвтомобильные дороги _jУчебники и пособия _2psbo |
||
| 801 | 0 |
_aRU _bNLR _gpsbo |
|
| 801 | 1 |
_aRU _bELAR _2rusmarc |
|
| 852 |
_aNLR _jТ86 Г-7/23 |
||
| 942 | _cBOOK | ||